Logo biblioteca
Santa Fe 2917, Rosario, Santa Fe
Lu-Vi 8 a 19.45
+54-341-4232362
bibliotecaeudoro@gmail.com
Facebook Biblioteca Pedagógica
Sitio web

Cuentos con cuentas : (Registro nro. 32764)

Detalles MARC
000 -CABECERA
campo fijo de control de longitud 00999nam a22002771a 4500
001 - NÚMERO DE CONTROL
campo de control 32764
003 - IDENTIFICADOR DEL NÚMERO DE CONTROL
campo de control AR-RoBPED
005 - FECHA Y HORADE LA ULTIMA TRANSACCION
campo de control 20260514132854.0
007 -
campo fijo de control de longitud ta
008 - ELEMENTOS DE LONGITUD FIJA--INFORMACION GENERAL
campo fijo de control de longitud 260514s1971 ag a|||br|||||||1 0|spa
040 ## - FUENTE CATALOGADORA
Centro catalogador/agencia de origen AR-BaBN
Convenciones de descripción aacr
Agencia que realiza la modificación AR-RoBPED
041 ## - IDIOMA
Código de idioma para texto/pista de sonido o título independiente spa
100 ## - ENCABEZAMIENTO PRINCIPAL--AUTOR PERSONAL
Nombre de persona D'Amelio de Schefini, Nélida R.
9 (RLIN) 30849
245 10 - TITULO
Título Cuentos con cuentas :
Subtítulo matemática moderna para 2o grado /
Mención de responsabilidad por Nélida R. D'Amelio de Schefini y Alberto H. Schefini ; con la supervisión del profesor Alfredo B. Besio.
260 ## - PUBLICACION
Lugar Buenos Aires :
Editor Estrada,
Fecha 1971.
300 ## - DESCRIPCION FISICA
Extensión 202 p. :
Otros detalles físicos il.
500 ## - NOTA GENERAL
Nota general En portada: "Guía para el maestro".
650 #4 - TERMINO DE MATERIA--CONTROLADO
Término controlado ARCHIVO INFANTIL
9 (RLIN) 24464
Término controlado ENSEÑANZA DE LAS MATEMATICAS
9 (RLIN) 818
Término controlado SEGUNDO GRADO
9 (RLIN) 1622
Término controlado MATEMATICAS MODERNAS
9 (RLIN) 1666
700 1# - ENCABEZAMIENTO SECUNDARIO--AUTOR PERSONAL
Nombre de persona Schefini, Alberto Hugo
9 (RLIN) 30850
Nombre de persona Besio, Alfredo B.
9 (RLIN) 30851
942 ## - ELEMENTOS KOHA
Fuente de clasificación Universal Decimal Classification
Número Koha K. 32764
Koha tipo de ítem Libro
Clasificación 51
Pre signatura IA
Signatura librística D 15
N° inventario Inv. 42447
945 ## - PROCESAMIENTO DE LA INFORMACIÓN LOCAL
Catalogador y fecha nn 14/05/2026 - cd 14/05/2026
Existencias
Estado retirado Estado perdido Fuente de clasificación Estado dañado No se presta Biblioteca propietaria Biblioteca de reserva Fecha de adquisición Procedencia Total de préstamos Signatura topográfica completa Código de barras (nº de inventario) Fecha visto por última vez Catalogador y fecha Tipo de ítem Koha Nota pública
    Universal Decimal Classification   No se presta Biblioteca Pedagógica Eudoro Díaz Biblioteca Pedagógica Eudoro Díaz 12/05/2026 donación   IA 51 D 15 42447 14/05/2026 nn 14/05/2026 Libro No se presta